| 000 | 01296nam a2200325Ia 4500 | ||
|---|---|---|---|
| 001 | ebr10599653 | ||
| 003 | CaPaEBR | ||
| 006 | m u | ||
| 007 | cr cn||||||||| | ||
| 008 | 820919s1973 ne sb 000 0 eng d | ||
| 010 | _z 72087431 | ||
| 020 | _z9783110828054 | ||
| 020 | _z9789027924322 | ||
| 040 |
_aCaPaEBR _cCaPaEBR |
||
| 035 | _a(OCoLC)841368417 | ||
| 050 | 1 | 4 |
_aPD1128 _b.M37 1973eb |
| 100 | 1 |
_aMarchand, James Woodrow, _d1926- |
|
| 245 | 1 | 4 |
_aThe sounds and phonemes of Wulfila's Gothic _h[electronic resource] / _cby James W. Marchand. |
| 260 |
_aThe Hague : _bMouton, _c1973. |
||
| 300 | _a111 p. | ||
| 490 | 0 |
_aJanua linguarum. Series practica ; _v25 |
|
| 500 | _aOriginally presented as the author's thesis, University of Michigan. | ||
| 504 | _aIncludes bibliographical references. | ||
| 533 |
_aElectronic reproduction. _bPalo Alto, Calif. : _cebrary, _d2011. _nAvailable via World Wide Web. _nAccess may be limited to ebrary affiliated libraries. |
||
| 600 | 0 | 0 |
_aUlfilas, _cBishop of the Goths, _dca. 311-381? |
| 650 | 0 |
_aGothic language _xPhonology. |
|
| 655 | 7 |
_aElectronic books. _2local |
|
| 710 | 2 | _aebrary, Inc. | |
| 856 | 4 | 0 |
_uhttp://site.ebrary.com/lib/rucke/Doc?id=10599653 _zAn electronic book accessible through the World Wide Web; click to view |
| 999 |
_c110880 _d110880 |
||